Evolución y religión: ¿incompatibilidad o integración? /
En el presente artículo se trata de integrar la teoría científica de la selección natural con el posicionamiento religioso de la creación, como teorías complementarias; pues al pertenecer a planos epistemológicos distintos son susceptibles a la articulación, mientras no se caiga en un extremismo teó...
Na minha lista:
| Autor principal: | |
|---|---|
| Formato: | Texto |
| Assuntos: | |
| Tags: |
Adicionar Tag
Sem tags, seja o primeiro a adicionar uma tag!
|
MARC
| LEADER | 00000 a a2200000 04500 | ||
|---|---|---|---|
| 001 | 40741 | ||
| 003 | |||
| 040 | |||
| 100 | |a Beorlegui, Carlos | ||
| 245 | |a Evolución y religión: |b ¿incompatibilidad o integración? / |c Carlos Beorlegui | ||
| 520 | |a En el presente artículo se trata de integrar la teoría científica de la selección natural con el posicionamiento religioso de la creación, como teorías complementarias; pues al pertenecer a planos epistemológicos distintos son susceptibles a la articulación, mientras no se caiga en un extremismo teórico según cada posición (creacionismo y materialismo científica y reduccionista). | ||
| 590 | |a SJB/AGOSTO2011 | ||
| 650 | |a CIENCIA | ||
| 650 | |a RELIGION | ||
| 650 | |a EPISTEMOLOGIA | ||
| 773 | |g número122 (2009), páginas 823-852 | ||
| 999 | |c 21942 |d 21942 | ||
